|
|
|
|
| LEADER |
00000naa2a2200000 4500 |
| 001 |
383074 |
| 005 |
20231101063050.0 |
| 035 |
|
|
|a (RuTPU)RU\TPU\prd\8207
|
| 090 |
|
|
|a 383074
|
| 100 |
|
|
|a 20021111a2002 k y0rusy50 ca
|
| 101 |
0 |
|
|a rus
|
| 102 |
|
|
|a RU
|
| 200 |
1 |
|
|a Принцип замкнутости и критерии оптимального природопользования и устойчивого развития
|f С. И. Барцев, В. В. Межевикин, В. А. Охонин
|
| 320 |
|
|
|a Библиогр.: 9 назв.
|
| 461 |
|
1 |
|0 (RuTPU)RU\TPU\prd\1754
|x 0869-8619
|t Сибирский экологический журнал
|o научный журнал
|f Российская академия наук (РАН), Сибирское отделение (СО)
|d 1995-
|
| 463 |
|
1 |
|0 (RuTPU)RU\TPU\prd\6329
|t № 1
|v С. 1-8
|d 2002
|
| 610 |
1 |
|
|a экологический кризис
|
| 610 |
1 |
|
|a устойчивое развитие
|
| 610 |
1 |
|
|a принцип замкнутости
|
| 610 |
1 |
|
|a экологичность
|
| 610 |
1 |
|
|a биосфера
|
| 610 |
1 |
|
|a освоение космоса
|
| 610 |
1 |
|
|a математическое обеспечение
|
| 610 |
1 |
|
|a техносфера
|
| 610 |
1 |
|
|a линейное программирование
|
| 675 |
|
|
|a 574.001
|v 3
|
| 700 |
|
1 |
|a Барцев
|b С. И.
|
| 701 |
|
1 |
|a Межевикин
|b В. В.
|
| 701 |
|
1 |
|a Охонин
|b В. А.
|
| 801 |
|
1 |
|a RU
|b 63413507
|c 20021111
|g PSBO
|
| 801 |
|
2 |
|a RU
|b 63413507
|c 20131209
|g PSBO
|
| 942 |
|
|
|c BK
|